ბათუმის შოთა რუსთაველის სახელმწიფო უნივერსიტეტის ბიბლიოთეკა

თქვენდა სასიხარულოდ (ბიბ.ჩანაწერი № 42867)

000 -LEADER
fixed length control field 00715nam a2200229Ia 4500
001 - CONTROL NUMBER
control field 9575
003 - CONTROL NUMBER IDENTIFIER
control field GE_BSU
008 - FIXED-LENGTH DATA ELEMENTS--GENERAL INFORMATION
fixed length control field 181216s||||||||xx |||||||||||||| ||und||
040 ## - CATALOGING SOURCE
Transcribing agency GE_BSU
080 ## - UNIVERSAL DECIMAL CLASSIFICATION NUMBER
Universal Decimal Classification number 821.353.1–1
100 ## - MAIN ENTRY--PERSONAL NAME
Personal name მარგიანი,რევაზ
245 ## - TITLE STATEMENT
Title თქვენდა სასიხარულოდ
245 ## - TITLE STATEMENT
Remainder of title ლექსები
245 ## - TITLE STATEMENT
Statement of responsibility, etc. რედ. ვ.გვეტაძე.მხატვ.გ.დიკი
260 ## - PUBLICATION, DISTRIBUTION, ETC.
Place of publication, distribution, etc. თბილისი
260 ## - PUBLICATION, DISTRIBUTION, ETC.
Name of publisher, distributor, etc. ნაკადული
260 ## - PUBLICATION, DISTRIBUTION, ETC.
Date of publication, distribution, etc. 1960
300 ## - PHYSICAL DESCRIPTION
Extent 155გვ.22სმ.
653 ## - INDEX TERM--UNCONTROLLED
Uncontrolled term თქვენდა სასიხარულოდ
653 ## - INDEX TERM--UNCONTROLLED
Uncontrolled term ლექსები
942 ## - ADDED ENTRY ELEMENTS (KOHA)
Koha item type წიგნი
ეგზემპლარები
Withdrawn status Lost status Damaged status Not for loan Date acquired Barcode Date last seen Price effective from Koha item type
        2018-12-17 32361 2018-12-17 2018-12-17 წიგნი
        2018-12-17 32362 2018-12-17 2018-12-17 წიგნი
        2018-12-17 22450 აგრ.ტექ.ფაკ. 2018-12-17 2018-12-17 წიგნი
        2018-12-17 22449 აგრ.ტექ.ფაკ. 2018-12-17 2018-12-17 წიგნი
        2018-12-17 22448 აგრ.ტექ.ფაკ. 2018-12-17 2018-12-17 წიგნი